| 000 | 00600 a2200205 4500 | ||
|---|---|---|---|
| 005 | 20240529140632.0 | ||
| 010 | _aB-759246 | ||
| 020 |
_a9780143334248 _c150.00 |
||
| 035 | _aB-759246 | ||
| 037 | _bGift | ||
| 082 | _aN | ||
| 100 |
_aRay's Satyajit _967044 |
||
| 245 |
_aThe Adventure of Feluda The Emperor's Ring/ _cSatyajit Ray's |
||
| 260 |
_aGurgaon _bPenguin Books India Pvt. Ltd. _c2022 |
||
| 270 |
_a7th Floor Infinity Tower C DLF Cyber City _bGurgaon _e122002 |
||
| 300 |
_a106 p. _c19 cm(Pb) |
||
| 700 | _967043 | ||
| 942 |
_adpl _cCH _2ddc _hN _mRAY |
||
| 999 |
_c203362 _d203362 |
||